00466nam a22001577a 450000500170000000800410001702000180005804100130007608200130008910000130010224500690011525000230018426000480020730000280025565000250028320231206132138.0231206b |||||||| |||| 00| 0 eng d a9780702178641 aEnglish  a348 JUT  lEnglish  aJuta's Statutes of South Africa / cJUTA'S LAW STATUTES EDITORS  aSixteenth Edition  aCape Town : bJuta and Company Ltd, c2006  b414 pages ; c26,5 cm.  aLegal practice bLaw